000 00998nam a22003017a 4500
001 0001106
003 KOHA_MİRAKIL
005 20260207001230.0
007 ta
008 081212b1999 tu |||gr||||#||||0|tur |
020 _a9755560254
_cTL,01
040 _aTR-BiSEU
_btur
_cTR-BiSEU
_erda
041 0 _atur
044 _ctu
050 _aQD75.2
_b.A53 1999
100 1 _aSkoog, Douglas A..
240 1 0 _afundamentals of analytical chemistry
_lTürkçe
245 1 _aAnalitik kimya :
_btemel ilkeler =
_bfundamentals of analytical chemistry/
_cDouglas A. Skoog ; Douglas A. Skoog, Donald M. West, F. James Holler ; çev. edt. Esma Kılıç, Hamza Yılmaz.
264 1 _aAnkara :
_bBilim
_c1999
300 _a2 c.: resimli
336 _ametin
_btxt
_2rdacontent
337 _aaracısız
_bn
_2rdamedia
338 _acilt
_bnc
_2rdacarrier
500 _aKaynakça ve dizin var.
650 0 _aAnalitik kimya.
_93339
650 0 _aChemistry, Analytic--Quantitative.
_93340
942 _2lcc
_cBK
999 _c1101
_d1101